000 00361pam a2200157a 44500
008 230515b1930 xxu||||| |||| 00| 0 eng d
020 _aNULL
041 _aHINDI
082 _a1
100 _aTRIKABANJI
245 _aSUSRUT SAMITA (DALHANACHRYA)
250 _a1
260 _aSANGAI
_bN.D.
_c1930
300 _a100
650 _aSUSRUT SAMITA (DALHANACHRYA)
999 _c497016
_d497016